| 000 | 02265cam a2200589 i 4500 | ||
|---|---|---|---|
| 001 | 15258 | ||
| 003 | KOSZ 005 | ||
| 005 | 20250728101413.0 | ||
| 008 | 200407s1972 pl a f 000 0 pol | ||
| 015 | _aPB 1972/3951 | ||
| 035 | _a991041204179705066 | ||
| 035 | _a(PL-WaBN)b21000657-48omnis_nlop | ||
| 035 | _ab21000657 | ||
| 035 | _a(OCoLC)833024648 | ||
| 035 | _a(PL)b0000002100065 | ||
| 035 | _a(EXLNZ-48OMNIS_NETWORK)9910317130905606 | ||
| 040 |
_aWA N _cWA N _dKOSZ 005/RW |
||
| 046 | _k1972 | ||
| 080 | _a004-049.8 | ||
| 080 | _a519.61/.64 | ||
| 080 | _a519.2 | ||
| 100 | 1 |
_aZieliński, Ryszard _d(1932-2012) _eAutor |
|
| 245 | 1 | 0 |
_aGeneratory liczb losowych : _bprogramowanie i testowanie na maszynach cyfrowych / _cRyszard Zieliński. |
| 260 |
_aWarszawa : _bWydawnictwa Naukowo-Techniczne, _c1972. |
||
| 300 |
_a157, [1] stron : _bilustracje ; _c21 cm. |
||
| 336 |
_aTekst _btxt _2rdacontent |
||
| 337 |
_aBez urządzenia pośredniczącego _bn _2rdamedia |
||
| 338 |
_aWolumin _bnc _2rdacarrier |
||
| 380 | _aKsiążki | ||
| 380 | _aPublikacje naukowe | ||
| 380 | _aPublikacje dydaktyczne | ||
| 388 | _a1901-2000 | ||
| 388 | _a1945-1989 | ||
| 490 | 1 | _aInformatyka. Przetwarzanie Informacji i Maszyny Matematyczne | |
| 504 | _aBibliografia na stronach [153]-157 | ||
| 521 | 8 | _aKsiążka przeznaczona jest dla użytkowników maszyn cyfrowych ; może być również przydatna dla studentów kierunków numerycznych. | |
| 546 | _aSpis treści także w języku angielskim i rosyjskim. | ||
| 650 | 7 | _aGeneratory liczb losowych. | |
| 650 | 7 | _aKomputeryzacja | |
| 650 | 7 | _aProgramy komputerowe | |
| 650 | 7 | _aAnaliza numeryczna | |
| 650 | 7 | _aStatystyka matematyczna | |
| 650 | 7 | _aRachunek prawdopodobieństwa | |
| 658 | _aMatematyka | ||
| 658 | _aInformatyka i technologie informacyjne | ||
| 658 | _aInżynieria i technika | ||
| 710 | 2 |
_aWydawnictwa Naukowo-Techniczne _4pbl |
|
| 830 | 0 |
_aInformatyka - Wydawnictwa Naukowo-Techniczne _pPrzetwarzanie Informacji i Maszyny Matematyczne |
|
| 856 |
_uhttp://koha.tu.koszalin.pl/cgi-bin/koha/opac-detail.pl?biblionumber=15258 _yKatalog online BPK |
||
| 942 |
_2UKD _cKS |
||
| 999 |
_c15258 _d15258 |
||